University Home | Library Home | Institutional Repository

Agatha Moudio's son / (Record no. 133140)

MARC details
000 -LEADER
fixed length control field 00911cam4a220027700 4500
001 - CONTROL NUMBER
control field lce00849745
008 - FIXED-LENGTH DATA ELEMENTS--GENERAL INFORMATION
fixed length control field 740213s1971 ke 000 1 eng
010 ## - LIBRARY OF CONGRESS CONTROL NUMBER
LC control number 72983235 //r832
020 ## - INTERNATIONAL STANDARD BOOK NUMBER
International Standard Book Number 0435900862
035 ## - SYSTEM CONTROL NUMBER
System control number (Sirsi) r51025
035 ## - SYSTEM CONTROL NUMBER
System control number (DLC) 72983235 //r832
035 ## - SYSTEM CONTROL NUMBER
System control number (UPRA)lce00849745
040 ## - CATALOGING SOURCE
Modifying agency UPRA
041 1# - LANGUAGE CODE
Language code of text/sound track or separate title eng fre
Language code of original eng fre
050 0# - LIBRARY OF CONGRESS CALL NUMBER
Classification number PQ3989.2.B35
Item number A7 1971
082 0# - DEWEY DECIMAL CLASSIFICATION NUMBER
Classification number 843
Edition number 19
100 1# - MAIN ENTRY--PERSONAL NAME
Personal name Bebey, Francis.
Linkage A8927.1
240 10 - UNIFORM TITLE
Uniform title Fils d'Agatha Moudio. English
Language of a work Fils d'Agatha Moudio. English
245 10 - TITLE STATEMENT
Title Agatha Moudio's son /
Statement of responsibility, etc. translated by Joyce A. Hutchinson.
260 ## - PUBLICATION, DISTRIBUTION, ETC.
Place of publication, distribution, etc. Nairobi :
Name of publisher, distributor, etc. Heinemann,
Date of publication, distribution, etc. [1971]
490 0# - SERIES STATEMENT
Series statement African writers series ;
Volume/sequential designation 86
Linkage S1925.1
500 ## - GENERAL NOTE
General note Translation of Le fils d'Agatha Moudio.
949 ## - LOCAL PROCESSING INFORMATION (OCLC)
a PQ3989.2.B35
w lcc
i -64668
m MAIN
t BOOK
l ON-SHELF
949 ## - LOCAL PROCESSING INFORMATION (OCLC)
a PQ3989.2.B35
w lcc
i -64669
m MAIN
t BOOK
l ON-SHELF

No items available.

© 2026 - The University of Zambia Library - Koha v25.11